01482nam a2200361 a 4500001001000000003000500010005001700015008004100032010001100073011001100084040000900095090001000104100003200114245015800146260004100304500006000345502008200405590004100487590004100528590004000569590004000609590004000649650005300689650004500742650004500787650004500832856007000877901000700947942001000954942000600964999001900970952013100989000115346CHAP20220329144530.0190513s2018 mx a |sm |||||||spa d a111807 a112779 cCHAP aTesis1 aRoyan Isaac, Micah.913555810aEspecies de fusarium asociadas a la marchitez del tomate :h[En línea]bidentificación, patogenicidad y control biológico /cpor Micah Royan Isaac. aChapingo, Méx. :bEl autor,c2018. aPara ver el contenido del material haga clic en la liga aTesis (Ph.D. en Ciencias en Horticultura) -- UACH. Departamento de Fitotecnia aBATCH-UPDb05c20190513lUCH01h1231 aE11695DGDb10c20190514lUCH01h1035 aE6339RRRb05c20190513lUCH01h1231 aE6339RRRb05c20190513lUCH01h1231 aE6339RRRb05c20190513lUCH01h123214aFusarium oxysporumxControl biológico.913184214aTomatexCultivos en invernadero.911370414aTomatexEnfermedades por hongos.911371314aTrichoderma spp. como fungicida.9133923 aFinding aiduhttp://10.13.5.2/tesis/sist115346.pdfzTeclea aquí aBK cTESIS n0 c111807d111807 00104054718TESISaBCbBCd2019-05-13fTESISl0oTesisp115354-10r2019-12-31 00:00:00w2019-12-31yTESISzRecien adquirido